Oceania Quiz - Statistics

General Stats
  • This quiz has been taken 13 times
  • The average score is 8 of 15
Answer Stats
Hint Answer % Correct
Country with the most languages in the world Papua New Guinea
100%
British explorer who discovered most of Oceania James Cook
85%
Country with the least population in Oceania Nauru
85%
Type of bird native to New Zealand that has major blind spots Kiwi
77%
Biggest city and capital of Tasmania Hobart
69%
Polynesia, Micronesia and ____nesia Melanesia
62%
Country that has the same flag design has Bangladesh Palau
62%
French island that Gauguin lived in Tahiti
62%
Rodent that has overrun Australia with overpopulation Rabbit
46%
Capital of the country above Yaren
46%
Type of Polynesian dance normally seen in the Rugby World Cup Haka
38%
Formerly known as the Friendly Islands Tonga
38%
Island near the Solomon Islands that will be independent in 2027 Bougainville
15%
Type of extreme sport invented in Vanuatu Bungee Jumping
8%
Yes, Australia has this mammal Camel
8%
No matching quizzes found
Score Distribution
Percent of People with Each Score
Percentile by Number Answered
Your Score History
You have not taken this quiz